000 00747nam a2200241Ia 4500
008 191130s2009##################000#0#eng##
020 _a9780470483350
022 _a2009004119
040 _aACL
_cACL
082 _a658.155 WIL
100 _aWilkinghoff, Steve
245 _aFound money : simple strategies to uncover the hidden profit and cash flow in your business
_cSteve Wilkinghoff
260 _aHoboken, NJ
_bJohn Wiley & Sons
_c2009
300 _axix, 198 p. ; 24 cm
500 _aIncludes bibliographical references
650 _aBusiness enterprises
650 _aBusinesspeople
650 _aIndustrial management
650 _aProfit
990 _a728c509dac10000c4ebea55ecbdf789d
991 _a187816
999 _c187195
_d187195